000 01080nam a2200289 i 4500
001 bg
100 1 _aWESOŁOWSKA, Aneta
245 1 0 _aOdpowiedzi na pytania egzaminacyjne dla kandydatów na doradców podatkowych. :
_bpytania otwarte.
_nT. 5,
_pDział III rozdz. 5 /
_cAneta Wesołowska, Anna Welsyng-Zielony ; Forum Doradców Podatkowych
260 _aKraków :
_bFDP,
_c2004.
300 _a124 s. ;
_c30 cm.
650 9 _aDoradztwo podatkowe
_xprawo
_zPolska
_ystan na 2004 r.
650 9 _aEgzaminy zawodowe
650 9 _aPodatek dochodowy od osób prawnych
_xprawo
_zPolska
_ystan na 2004 r.
655 _aĆwiczenia i zadania
700 1 _aWELSYNG-ZIELONY, Anna
710 0 _aForum Doradców Podatkowych
020 _a8389359308
020 _a8389359251 (t.5)
040 _cBPK
041 0 _apol
080 _a336.226.12(438)(079)
920 _a83-89359-30-8
920 _a83-89359-25-1 (t.5)
942 _cKA
008 s pl f |000 0 pol
999 _c35109
_d35109
856 _uhttp://koha.tu.koszalin.pl/cgi-bin/koha/opac-detail.pl?biblionumber=35109
_yKatalog online BPK